Las 12 habilidades directivas clave /

محفوظ في:
التفاصيل البيبلوغرافية
المؤلف الرئيسي: Valls Roig, Antonio (autor.)
التنسيق: كتاب
اللغة:الإسبانية
منشور في: Barcelona : Gestión 2000, 2010.
الطبعة:6a edición.
الموضوعات:
الوصول للمادة أونلاين:https://elibro.unach.elogim.com/es/lc/unach/titulos/291165
الوسوم: إضافة وسم
لا توجد وسوم, كن أول من يضع وسما على هذه التسجيلة!

MARC

LEADER 00000nam a2200000 i 4500
001 ELB291165
003 FINmELB
005 251223045119.0
006 m o u
007 cr cn|||||||||
008 251222s2010 sp a ob 000 0 spa d
020 |z 978-84-9875-081-2 
020 |a 9788498750898  |q (epub) 
035 |a (OCoLC)1564683654 
040 |a FINmELB  |b spa  |e rda  |c FINmELB 
050 4 |a HD31  |b .V355 2010 
080 |a 658.012.4 
082 0 4 |a 658.4  |2 23 
100 1 |a Valls Roig, Antonio  |e autor. 
240 1 4 |a Las 12 habilidades directivas clave 
245 1 4 |a Las 12 habilidades directivas clave /  |c Antonio Valls. 
246 3 |a Las doce habilidades directivas clave 
246 0 |i Subtítulo de la cubierta  |a Toma de decisiones, estrategia, gestión del tiempo... 
250 |a 6a edición. 
264 1 |a Barcelona :  |b Gestión 2000,  |c 2010. 
300 |a 1 recurso en línea :  |b ilustraciones 
336 |a texto  |b txt  |2 rdacontent/spa 
337 |a computadora  |b c  |2 rdamedia/spa 
338 |a recurso en línea  |b cr  |2 rdacarrier/spa 
504 |a Bibliografía: páginas [187]-190. 
588 |a Descripción basada en metadatos suministrados por el editor y otras fuentes. 
590 |a Recurso electrónico. Santa Fe, Arg.: elibro, 2025. Disponible vía World Wide Web. El acceso puede estar limitado para las bibliotecas afiliadas a elibro. 
650 4 |a Aptitudes de mando. 
655 4 |a Libros electrónicos. 
797 2 |a elibro, Corp. 
856 4 0 |u https://elibro.unach.elogim.com/es/lc/unach/titulos/291165